Diverzifikovat, diverzifikovat a opět dirverzifikovat!
Zostavenie relatívne bezpečného portfólia a jeho obtiažnosť vyvolaná predovšetkým z dôvodu vývoja jeho dynamiky. Politické faktory a neobvyklé systémové riziká a zmeny. Alternatívne, neinflačné riešenia.
Gespeichert in:
| 1. Verfasser: | |
|---|---|
| Format: | Buchkapitel |
| Sprache: | Tschechisch |
| Schlagworte: | |
| Tags: |
Keine Tags, Fügen Sie das erste Tag hinzu!
|
MARC
| LEADER | 00000naa a2200000 4500 | ||
|---|---|---|---|
| 001 | 0148749 | ||
| 005 | 20231211082112.3 | ||
| 041 | 0 | |a cze | |
| 044 | |a CZ | ||
| 245 | 1 | 0 | |a Diverzifikovat, diverzifikovat a opět dirverzifikovat! |c Karel Machala |
| 520 | |a Zostavenie relatívne bezpečného portfólia a jeho obtiažnosť vyvolaná predovšetkým z dôvodu vývoja jeho dynamiky. Politické faktory a neobvyklé systémové riziká a zmeny. Alternatívne, neinflačné riešenia. | ||
| 610 | 2 | 0 | |a banky |
| 610 | 2 | 0 | |a bankovníctvo investičné |
| 610 | 2 | 0 | |a inštitúcie finančné |
| 610 | 2 | 0 | |a portfólio |
| 610 | 2 | 0 | |a podnikanie obozretné |
| 610 | 2 | 0 | |a investície |
| 610 | 2 | 0 | |a riziko bankové |
| 610 | 2 | 0 | |a diverzifikácia |
| 100 | 1 | |a Machala, Karel | |